000 00382 a2200157 4500
020 _a9781338030334 (pbk.)
041 _aspa
100 _aSchreiber, Anne
245 _aLos tiburones / Anne Schreiber.
260 _aNew York : Scholastic, c2015
300 _a32 pages ; illus. ;
_c23 cm
440 _aNational Geographic Kids
500 _aNivel 2
942 _cBK
952 _71
999 _c20939
_d20939